005790000a22001930004500003001100000008004100011020001500052040003900067041000800106082001300114100002000127245008000147250000800227260003300235300000900268942000700277952008800284999001300372LK-CoMWRAF230817t ||||| |||| 00| 0 eng d a9558398039 aLK-CoMWRAFdLK-CoMWRAFeLK-CoMWRAF aeng a160bALA aA.A.Thaha Jabir aIslamiya sattaviyalil penkalin satchiyambTestimony of Women in Islamic Law a1st aSri LankabFUZIN TEXTSY2001 ap.46 cBK 00104070aMAINbMAINd2023-08-17l0o160 ALAp0001437r2023-08-17w2023-08-17yBK c354d354